| 000 | 00000nam##2200000za#4500 |
| 001 | 9.569886 |
| 003 | CaOODSP |
| 005 | 20210624181959 |
| 007 | cr ||||||||||| |
| 008 | 150406|1994||||xxc|||||o f|0| 0 eng|d |
| 040 | |aCaOODSP|beng |
| 043 | |an-cn--- |
| 086 | 1 |aNH18-1-2/64-1994E-PDF |
| 110 | 2 |aCanada Mortgage and Housing Corporation. |
| 245 | 10|aDevelopment of the sand barrier method of excluding termites / |h[electronic resource]|cby Timothy G. Myles. |
| 260 | |aOttawa - Ontario : |bCanada Mortgage and Housing Corporation |cMarch 1994. |
| 300 | |a58p.|bfigs., graphs, references, tables |
| 490 | 1 |aResearch report |
| 546 | |a(Résumé en français.) |
| 590 | |a11-25-Supp|b2011-10-31 |
| 720 | 1 |aMyles, Timothy G. |
| 830 | #0|aResearch report (Canada Mortgage and Housing Corporation : Online)|w(CaOODSP)9.506068 |
| 856 | 40|ahttp://publications.gc.ca|qPDF|s865 KB|uhttps://publications.gc.ca/collections/collection_2011/schl-cmhc/nh18-1-2/NH18-1-2-64-1994-eng.pdf |